| 000 -LEADER |
| fixed length control field |
00437nam a2200145Ia 4500 |
| 008 - FIXED-LENGTH DATA ELEMENTS--GENERAL INFORMATION |
| fixed length control field |
240328s9999||||xx |||||||||||||| ||und|| |
| 020 ## - INTERNATIONAL STANDARD BOOK NUMBER |
| International Standard Book Number |
9788121926676 |
| 082 ## - DEWEY DECIMAL CLASSIFICATION NUMBER |
| Classification number |
621.3 |
| Item number |
THE/T |
| 100 ## - MAIN ENTRY--PERSONAL NAME |
| Personal name |
Theraja, B.L. |
| 245 #2 - TITLE STATEMENT |
| Title |
A Textbook of Electrical Technology in S.I. Unit: Electronic Devices and Circuits. Vol. IV |
| 250 ## - EDITION STATEMENT |
| Edition statement |
23rd Edition |
| 260 ## - PUBLICATION, DISTRIBUTION, ETC. |
| Place of publication, distribution, etc. |
New Delhi |
| Name of publisher, distributor, etc. |
S. Chand & Company Pvt. Ltd. |
| Date of publication, distribution, etc. |
2023 |
| 300 ## - PHYSICAL DESCRIPTION |
| Extent |
719p. |
| 942 ## - ADDED ENTRY ELEMENTS (KOHA) |
| Koha item type |
Book |